01019nam a2200265 a 450000100100000000500170001000800410002702000150006804000250008308200210010810000290012924500870015824600980024525000110034326000340035430000280038849000200041650000490043653400460048573000430053170000340057404900090060895201190061799900170073600002295820200930021908.0101123s2001 sp a r 000 | spa d a847720537X aDO-SdBNPbspacBNPHU axxxbW276f, 20011 aWaring , Philippa94720510aFeng Shui para Principiantes /cPhilippa Waring, traducción de Alicia Sánchez.11aFeng Shui para Principiantes :bcomo lograr armonia, salud y felicidad Con la geomancia China a7a ed. aBarcelona :bObelisco,c2001. a158 p. :bil. ;c21 cm. aObelisco Salud; aIncluye bibliografía y índice temático aTítulo original :tThe way of feng shui0 aThe way of feng shuilespañol947206 aSánchez, Aliciaetr.947207 aBNGR 001050718MOaGRbGRcCTd2010-11-23iLF1l0oxxx W276f, 2001p22958-10r2020-06-25w2020-06-25y1ZNo se presta c22455d22455